| 000 | 01043nam a22002897a 4500 | ||
|---|---|---|---|
| 999 |
_c12467 _d12467 |
||
| 003 | EG-ScBUE | ||
| 005 | 20210214113712.0 | ||
| 008 | 090729s2003 ua f 000 f ara d | ||
| 017 | _a2003/14767 | ||
| 020 | _a9770188239 | ||
| 040 |
_aEG-ScBUE _bara _erda _cEG-ScBUE _dEG-ScBUE |
||
| 082 | 0 | 4 |
_a892.736 _bن و ر _222 |
| 100 | 1 |
_aأبو النور، عائشة، _eمؤلف. |
|
| 245 | 1 | 2 |
_aالحب من قبل .. ومن بعد / _cعائشة أبو التور. |
| 246 | 3 | 4 |
_aحب من قبل .. ومن بعد : _bرواية |
| 264 | 1 |
_aالقاهرة : _bالهيئة المصرية العامة للكتاب، _c2003. |
|
| 300 |
_a163 صفحة ؛ _c20 سم. |
||
| 336 |
_2rdacontent _aنص _btxt |
||
| 337 |
_2rdamedia _aبدون وسيط _bn |
||
| 338 |
_2rdacarrier _aمجلد _bnc |
||
| 490 | 0 |
_aمكتبة الأسرة. _aإبداع المرأة |
|
| 650 | 7 |
_98243 _aالقصص العاطفية _zمصر _yقرن 20. _2BUEsh |
|
| 651 | _2BUEsh | ||
| 653 |
_bARALIT _cFebruary2021 |
||
| 655 |
_vReading book _934232 |
||
| 942 |
_2ddc _cBB |
||